[Event "Wch FIDE Online U18 America qual"]
[Site "Tornelo INT"]
[Date "2020.12.03"]
[Round "6"]
[White "Coto Anaya, Walter Alexander"]
[Black "Bahamondes Cepeda, Juan Pablo"]
[Result "1/2-1/2"]
[WhiteElo "1750"]
[BlackElo "1491"]
[PlyCount "121"]
[EventDate "2020.12.01"]
[EventType "swiss (rapid)"]
[EventRounds "7"]
[EventCountry "ISS"]
[SourceTitle "EXT 2022"]
[Source "ChessBase"]
[SourceDate "2021.10.06"]
[SourceVersion "1"]
[SourceVersionDate "2021.10.06"]
[SourceQuality "1"]

1. b3 d5 2. Bb2 Bf5 3. e3 e6 4. f4 Nf6 5. Nf3 h6 6. Be2 c5 7. 0-0 Be7 8. Bb5+ Nbd7 9. Ne5 0-0 10. Bxd7 Nxd7 11. d3 Rc8 12. Qe1 c4 13. bxc4 Nxe5 14. Bxe5 dxc4 15. e4 Bh7 16. Qg3 Bf6 17. Nd2 Bxe5 18. fxe5 cxd3 19. cxd3 Rc2 20. Nc4 Qd4+ 21. Kh1 Bxe4 22. Ne3 Re2 23. Rae1 Bxd3 24. Ng4 Rxe1 25. Rxe1 Bg6 26. h4 h5 27. Nh2 Rc8 28. Nf3 Qb2 29. Qg5 Qxa2 30. Rd1 Qa5 31. Qe7 b5 32. Ng5 Rf8 33. Rf1 Qd8 34. Qxa7 Qd3 35. Qf2 Bf5 36. Ra1 b4 37. Qb2 Qc3 38. Qa2 b3 39. Qa3 Qxe5 40. Qxf8+ Kxf8 41. Ra8+ Ke7 42. Ra7+ Kd6 43. Nxf7+ Kd5 44. Ra5+ Kd4 45. Nxe5 b2 46. Rb5 b1Q+ 47. Rxb1 Bxb1 48. Nf3+ Kd5 49. Nd2 Bf5 50. Kg1 Kd4 51. Kf2 Kd3 52. Nf3 g6 53. Kg3 Ke4 54. Nd2+ Kd5 55. Kf4 e5+ 56. Ke3 e4 57. Nf1 Ke5 58. Ng3 Kd5 59. Nf1 Bg4 60. Nd2 Bf5 61. Nf1 1/2-1/2

[Event "South America-ch U14 13th"]
[Site "Santiago de Chile"]
[Date "2016.12.01"]
[Round "1"]
[White "Bahamondes Cepeda, Juan Pablo"]
[Black "Mollo, Jhoan"]
[Result "0-1"]
[WhiteElo "1444"]
[BlackElo "1882"]
[PlyCount "56"]
[EventDate "2016.12.01"]
[EventType "swiss"]
[EventRounds "9"]
[EventCountry "CHI"]
[SourceTitle "EXT 2018"]
[Source "ChessBase"]
[SourceDate "2017.10.13"]
[SourceVersion "1"]
[SourceVersionDate "2017.10.13"]
[SourceQuality "1"]

1. d4 Nf6 2. Nf3 e6 3. c4 Bb4+ 4. Bd2 Qe7 5. a3 Bxd2+ 6. Nbxd2 d6 7. e3 Nc6 8. Be2 0-0 9. 0-0 e5 10. d5 Nb8 11. Qc2 Bg4 12. e4 Nbd7 13. b4 a5 14. Nb3 b6 15. Ng5 Bxe2 16. Qxe2 Nxd5 17. cxd5 Qxg5 18. Qb5 Nf6 19. Rfe1 Qf4 20. f3 axb4 21. Qxb4 Nd7 22. Qb5 Nc5 23. Nxc5 bxc5 24. a4 Rab8 25. Qc6 Rb2 26. Rad1 Qg5 27. g3 Qh5 28. h4 Qxf3 0-1